| 000 | 00865nam a2200265Ia 4500 | ||
|---|---|---|---|
| 003 | OSt | ||
| 005 | 20221005092950.0 | ||
| 006 | a|||||r|||| 00| 0 | ||
| 007 | ta | ||
| 008 | 221004b |||||||| |||| 00| 0 eng d | ||
| 020 |
_a9781462515592 (hbk) _c5022 |
||
| 024 | _a25419 | ||
| 037 |
_b139, 28/03/2016, Mallika Books _cTextual |
||
| 040 |
_aCRL _cCRL _beng |
||
| 041 |
_2eng _aeng |
||
| 082 | _aS:56-86, Q4 | ||
| 100 |
_aMiklowitz David J. _9466131 |
||
| 245 | 0 |
_aClinician's guide to bipolar disorder _b Integrating pharmacology and psychotherapy |
|
| 260 |
_aNew York _bThe Guilford Press U.S.A _c2014 |
||
| 300 |
_axi, 324p. _ccm. |
||
| 650 | _aPSYCHOLOGY | ||
| 700 |
_a Gitilin Michael J. _9617965 |
||
| 942 |
_hS:56-86, Q4 _cTEXL _2cc |
||
| 999 |
_c999615 _d999615 |
||